Riconosci la Squadra di calcio - Quiz n°111 - Statistics

Statistiche generali
  • Questo quiz è stato fatto 12 volte
  • Il punteggio medio è 6 su 10
Statistiche sulle risposte
Indizio Risposta % Corretto
Colori sociali Bianco, verde
92%
Titoli nazionali 1 Titolo di Germania32 Campionati austriaci
83%
Divisione nazionale 2023-2024 Prima
83%
Simboli Scudo bianco-verde con allori
83%
Trofei nazionali 1 Coppe di Germania
14 ÖFB-Cup
3 ÖFB-Supercup
67%
Trofei internazionali 2 Coppa Intertoto UEFA 2 Coppe Mitropa
50%
Confederazione UEFA
50%
Capienza Stadio 24 288 posti
42%
Fondazione 1899
33%
Squadra Rapid Vienna
17%
Nessun quiz corrispondente trovato
Distribuzione punteggi
Percentuale di utenti per punteggio
Percentile per numero di risposta
I tuoi punteggi nel tempo
Non hai fatto questo quiz